000 00338nam a2200133Ia 4500
005 20260326100035.0
008 260326s9999||||xx |||||||||||||| ||und||
100 _aPaolini, Ramón
245 0 _aEl Caribe Fortificado /
_cRamón Paolini
260 _bEdiciones Uniandes
300 _a260 p.
650 _aARQUITECTURA COLONIAL
942 _cBK
999 _c6762
_d6762